| 000 | 00968nam a2200289 i 4500 | ||
|---|---|---|---|
| 001 | 000025514 | ||
| 003 | DO-SdBNP | ||
| 005 | 20230928104411.0 | ||
| 007 | ta | ||
| 008 | 110217s1989 dr 000 0 spa d | ||
| 040 |
_aDO-SdBNP _bspa _cBNPHU _erda |
||
| 082 |
_a972.93054 _bG277g _222 |
||
| 100 |
_aGautreaux Piñeyro, Bonaparte, _d1937- _929089 _eautor |
||
| 110 | _984131 | ||
| 245 | 1 | 0 |
_aEl gobierno de Caamaño 1965 : _b(documentos), discursos y decretos / _cBonaparte Gautreaux Piñeyro |
| 264 |
_aSanto Domingo : _bCorripio, _c1989 |
||
| 300 |
_a151 paginas. : _bilustraciones ; _c28 cm. |
||
| 336 |
_2rdacontent _atexto _btxt |
||
| 337 |
_2rdamedia _asin mediación _bn |
||
| 338 |
_2rdacarrier _avolumen _bnc |
||
| 590 | _aInventariado, 2023/DG | ||
| 650 | 4 |
_aCaamaño Deño, Francisco Alberto*1932-1973 _984293 |
|
| 650 | 4 |
_aGuerrillas _zRepública Dominicana _917919 |
|
| 650 | 4 |
_aRepública Dominicana _xHistoria _9416 |
|
| 910 | _aDG | ||
| 942 |
_2ddc _cLBS1 |
||
| 999 |
_c54994 _d54994 |
||